01768cam a2200421 a 4500001001000000003000900010005001700019007001000036008004100046020001500087040002200102082002300124100003000147245012200177250001200299260004200311300003300353650004400386650005000430650002600480650003200506700002700538700002400565910004100589930005300630930005300683942001200736945002700748952011600775952012200891952012301013956003801136956004001174956003901214956003901253956003901292999001501331000000964DO-SdBNP20170927085814.0000000964980914s1998 maua 000 0 spa  a0070123322 aBPMSUbspacBPMSU 4a860.9bV816a, 19981 aVirgillo, Carmelo,d1934-10aAproximaciones al estudio de la literatura hispánica /cCarmelo Virgillo, L. Teresa Valdivieso, Edward H. Friedman. a4a. ed. aBoston :bMcGraw-Hill College,c1998. axii, 433 p. :bil. ;c24 cm. 4aLITERATURA ESPAÑOLAxHISTORIOGRAFÍA 4aLITERATURA HISPANOAMERICANAxHISTORIOGRAFÍA 4aLITERATURA ESPAÑOLA 4aLITERATURA HISPANOAMERICANA12aValdivieso, L. Teresa.12aFriedman, Edward H. aValidado. Control de calidad MMOLINA 1lBND01mLF1h860.9820131018f04pHDg41366he. 4 1lBND01mLF1h860.9820131018f04pHDg41367he. 5 2ddccBK aInventariado, 2017/MFF 00102ddc40708CGaBPMETbBPMETd2015-08-06l0o860.9 V816a 1998pBPMSU15080145r2015-08-06w2015-08-06yBK 00102ddc40708CGaBPMETbBPMETd2015-08-06l0o860.9 V816a 1998pBPMSU15080146r2015-08-06te. 2w2015-08-06yBK 00102ddc40708CGaBPMETbBPMETd2015-08-06l0o860.9 V816a 1998pBPMSU15080147r2015-08-06tej. 3w2015-08-06yBK aGREYESb20c20090617lBND01h2012 aWMENDOZAb40c20090625lBND01h1625 aMMOLINAb40c20090821lBND01h1003 aMFILETOb40c20130729lBND01h1004 aVMATEOb10c20150806lBPMSUh00151 c8108d8108